1388 1293 1204 1500 1588 1614 1769 1592 1115 1545 1245 1175 1094 1499 1480 1325 1245 1489 1039 1567 1058 1443 1557 1070 1823 1940 1416 1249 1646 1636 1248 1995 1579 1944 1473 1245 1691 1358 1723 1920 1043 1613 1974 1971 1612 1746 1566 1353 1224 1763 1808 1228 1696 1746 1015 1965 1524 1519 1441 1117 1094 1912 1603 1806 1562 1524 1577 1868 1338 1692 1278 1413 1235 1300 1421 1728 1280 1177 1906 1711 1552 1838 1987 1401 1318 1679 1750 1399 1024 1661 1115 1962 1029 1279 1122 1402 1224 1803 1946 BCNSPRNW ULIB Ver.6.0+V

เปลี่ยนเป็นภาษาไทย

Change to English
 แสดงรายละเอียดบรรณานุกรม
  กลับหน้าหลัก

Brief Record : Get Marc (ISO 2709) : E-mail record : QR code < ปิดหน้าต่าง
LEADER : 00000nam 2200000uu 4500
001    13399120807
003     ULIB
008    121017s2553||||th 000 0 tha d
020    ^a9789744025531
060  4 ^aWQ100^bม725ส
245 00 ^aสูตินรีเวชวิทยาพื้นฐาน=^bBasic OB & GYN/^cบรรณาธิการ เมธาพันธ์ กิจพรธีรานันท์(และคนอื่นๆ)
246 0  ^aBasic OB & GYN
250    ^aพิมพ์ครั้งที่ 1
260    ^aกรุงเทพฯ ^bบริษัท ไฮเอ็ดพับลิชชิ่ง จำกัด,^c2553
300    ^a136 หน้า :^bภาพประกอบ
650  7 ^aสูติศาสตร์
650  7 ^aการคุมกำเนิด
650  7 ^aภาวะมีบุตรยาก
650  7 ^aการทำคลอด
945    ^p140^l0^i16847
945    ^p140^l0^i16845
945    ^p140^l0^i16848
995    ^aทศพร
999    ^aทศพร เกษรทอง
รายการนี้ยังไม่มีแท็ก
คุณยังไม่ได้ล็อกอิน คุณสามารถมีกิจกรรมร่วมกับเว็บไซต์ได้ แต่ต้องล็อกอินก่อน ::
  ล็อกอิน

รายการสื่อสารสนเทศ

ลำดับที่ ประเภท เลขเรียก/บาร์โค้ด สถานที่ สถานะ
1. วิทยาศาสตร์การแพทย์ และสุขภาพ
วิทยาศาสตร์การแพทย์ และสุขภาพ
WQ100 ม725ส ฉ.1 
  Barcode: 16847
ห้องสมุดวิทยาเขตนครสวรรค์
►ส่วนจัดเก็บหนังสือเก่า นว.
บนชั้น
  ขอยืม
2. วิทยาศาสตร์การแพทย์ และสุขภาพ
วิทยาศาสตร์การแพทย์ และสุขภาพ
WQ100 ม725ส ฉ.1 
  Barcode: 16845
ห้องสมุดวิทยาเขตนครสวรรค์
►ส่วนจัดเก็บหนังสือเก่า นว.
บนชั้น
  ขอยืม
3. วิทยาศาสตร์การแพทย์ และสุขภาพ
วิทยาศาสตร์การแพทย์ และสุขภาพ
WQ100 ม725ส ฉ.4 
  Barcode: 16848
ห้องสมุดวิทยาเขตนครสวรรค์
►ส่วนจัดเก็บหนังสือเก่า นว.
บนชั้น
  ขอยืม

รายการใกล้เคียง
    หัวเรื่อง [สูติศาสตร์]
    หัวเรื่อง [การคุมกำเนิด]
    หัวเรื่อง [ภาวะมีบุตรยาก]
    หัวเรื่อง [การทำคลอด]

BibComment


ยังไม่เคยถูกคอมเมนท์

คอมเมนท์ทรัพยากรรายการนี้
  คอมเมนท์: สูตินรีเวชวิทยาพ..


 Copyright 2026. Bcnsprnw @Library